00252nam a2200097Ia 4500008004100000041000800041082000800049100002100057245004700078260002900125221102s9999 xx 000 0 und d aeng bpro aprof. A.A. Memon aChetana English Grammar And Composition bChetana pubc2007-06-01